000 00701nam a2200277Ia 4500
005 20260324113850.0
008 008 260324s9999 xx 000 0 eng d
020 _a9781003170440
037 _aEBOOK
040 _aCRL
040 _beng
040 _cCRL
041 _2eng
041 _aeng
084 _qCRL
100 _aHongjian Sun; Weiqi Hua; Minglei You
_91148488
245 0 _aBlockchain and Artificial Intelligence Technologies for Smart Energy Systems
260 _bTaylor and Francis
260 _c2023
365 _a
365 _b180
856 _uhttp://www.taylorfrancis.com/books/9781003170440
942 _cEBOOK
999 _c1738361
_d1738361